| 000 | 00000nam##2200000za#4500 |
| 001 | 9.616876 |
| 003 | CaOODSP |
| 005 | 20211126112848 |
| 007 | ta |
| 008 | 150406|2004||||xxc||||| f|0| 0 eng|d |
| 022 | |a1192-5434 |
| 040 | |aCaOODSP|beng |
| 043 | |an-cn--- |
| 086 | 1 |aFB3-2/104-14E |
| 110 | 2 |aBank of Canada. |
| 245 | 10|aNational saving - investment dynamics and international capital mobility / |cby Florian Pelgrin and Sebastian Schich. |
| 260 | |bBank of Canada |c2004. |
| 300 | |av, 34p. : |bgraphs, references, tables ; |c28 cm. |
| 490 | 1 |aWorking paper|x1192-5434|v2004-14 |
| 520 | 3 |aThis working paper is part of a series that examines a range of economic and financial issues of interest to bankers, economists and policymakers. |
| 546 | |a(Résumé en français.) |
| 563 | |aSoftcover |
| 590 | |a04-21|b2004-05-21 |
| 720 | 1 |aKichian, Maral |
| 720 | 1 |aSchich, Sebastian |
| 776 | 0#|tNational saving - Investment dynamics and international capital mobility / |w(CaOODSP)9.580933 |
| 830 | #0|aWorking paper,|x1192-5434|v2004-14|w(CaOODSP)9.514622 |